Business costs brought down by 'green' schemes (Record no. 72173)
[ view plain ]
| 000 -LEADER | |
|---|---|
| fixed length control field | 00944cam a2200193 4500 |
| 001 - CONTROL NUMBER | |
| control field | WB3908-06 |
| 008 - FIXED-LENGTH DATA ELEMENTS--GENERAL INFORMATION | |
| fixed length control field | 030227n2003 000 0 eng u |
| 035 ## - SYSTEM CONTROL NUMBER | |
| System control number | (Sirsi) u121452 |
| 245 ## - TITLE STATEMENT | |
| Title | Business costs brought down by 'green' schemes |
| 260 ## - PUBLICATION, DISTRIBUTION, ETC. | |
| Date of publication, distribution, etc. | 2003 |
| 490 ## - SERIES STATEMENT | |
| Series statement | National Assembly for Wales Press Release |
| Volume/sequential designation | 27 February 2003 (1) |
| 520 ## - SUMMARY, ETC. | |
| Summary, etc. | Welsh economic development minister has launched the "Business and environment action plan" which will run for three years and focus initially on encouraging small and medium sized businesses to implement 'green' schemes in order to maintain a sustainable environment and make significant savings. http://www.wales.gov.uk/servlet/PressReleaseByDateServlet?area_code=37E752F2000942E000000A2E00000000&document_code=N0000000000000000000000000007494 |
| 590 ## - LOCAL NOTE (RLIN) | |
| Local note | WB |
| 650 ## - SUBJECT ADDED ENTRY--TOPICAL TERM | |
| Topical term or geographic name entry element | GREEN ISSUES |
| 650 ## - SUBJECT ADDED ENTRY--TOPICAL TERM | |
| Topical term or geographic name entry element | SMES |
| 650 ## - SUBJECT ADDED ENTRY--TOPICAL TERM | |
| Topical term or geographic name entry element | SMES |
| 690 ## - LOCAL SUBJECT ADDED ENTRY--TOPICAL TERM (OCLC, RLIN) | |
| Topical term or geographic name as entry element | MANAGEMENT-BUSINESS MANAGEMENT |
| 942 ## - ADDED ENTRY ELEMENTS (KOHA) | |
| Suppress in OPAC | 0 |
| Withdrawn status | Lost status | Source of classification or shelving scheme | Damaged status | Not for loan | Home library | Current library | Shelving location | Date acquired | Total Checkouts | Full call number | Barcode | Date last seen | Copy number | Price effective from | Koha item type |
|---|---|---|---|---|---|---|---|---|---|---|---|---|---|---|---|
| Dewey Decimal Classification | London | London | News article | 27/02/2003 | WB3908-06 | 121452-1001 | 06/08/2019 | 1 | 06/08/2019 | News article |